[Event "Xtracon Chess Open 2018"]
[Site "Elsinore"]
[Date "2018.07.28"]
[Round "9"]
[White "Petersen, Steen"]
[Black "Damm-Frydenberg, Anders"]
[Result "1-0"]
[WhiteElo "2111"]
[BlackElo "1909"]
[EventDate "2018.07.21"]
[WhiteFideId "1402706"]
[BlackFideId "1462970"]

1.c4 e6 2.g3 Nf6 3.Bg2 Be7 4.Nf3 c5 5.O-O d5 6.b3 Nc6 7.Bb2 O-O 8.e3 d4 9.
exd4 cxd4 10.d3 e5 11.Re1 Bb4 12.Nbd2 Qc7 13.a3 Bxd2 14.Qxd2 Nd7 15.b4 f6 
16.Nh4 Rb8 17.Qe2 Nb6 18.c5 Na4 19.Bd5+ Kh8 20.Rab1 Nxb2 21.Rxb2 Ne7 22.
Bg2 g5 23.Nf3 Bg4 24.Qe4 Bf5 25.Qe2 Bg4 26.h3 Bh5 27.Qc2 Rfc8 28.Qb3 Kg7 
29.Nd2 Bf7 30.Qd1 Bd5 31.Bxd5 Nxd5 32.Ne4 b6 33.Rc2 bxc5 34.Rxc5 Qd7 35.
Qf3 Rxc5 36.Nxc5 Qc6 37.Qf5 Re8 38.h4 gxh4 39.Re4 Ne7 40.Ne6+ Kf7 41.Ng5+ 
Kf8 42.Nxh7+ Kg7 43.Rg4+ Kf7 44.Ng5+ Kf8 45.Ne6+ Kf7 46.Rg7# 1-0

[Event "Xtracon Chess Open 2018"]
[Site "Elsinore"]
[Date "2018.07.28"]
[Round "9"]
[White "Linderod, Lars Erik"]
[Black "Percivaldi, Martin"]
[Result "0-1"]
[WhiteElo "1931"]
[BlackElo "2393"]
[EventDate "2018.07.21"]
[WhiteFideId "1435965"]
[BlackFideId "1508148"]

1.g3 e5 2.Bg2 Nc6 3.d3 f5 4.Nf3 Nf6 5.c4 Be7 6.O-O O-O 7.Nc3 d6 8.e4 f4 9.
d4 Qe8 10.dxe5 dxe5 11.Nd5 Qh5 12.gxf4 Bg4 13.Qd3 Rad8 14.Nxe5 Nxe5 15.
fxe5 Nxd5 16.cxd5 Be2 17.Qb3 Bc5 18.Be3 Bxe3 19.Qxe3 Bxf1 20.Rxf1 Qxe5 21.
f4 Qxb2 22.e5 Qxa2 23.e6 Rde8 24.Qc5 Qd2 25.Rf2 Qd1+ 26.Rf1 Qd3 27.Qxc7 
Qe3+ 28.Kh1 Rc8 29.Qe5 Qxe5 30.fxe5 Rxf1+ 31.Bxf1 Kf8 32.e7+ Kxe7 33.d6+ 
Kd8 0-1

[Event "Xtracon Chess Open 2018"]
[Site "Elsinore"]
[Date "2018.07.28"]
[Round "9"]
[White "Jarlnaes, Erik"]
[Black "Hoeffer, David"]
[Result "0-1"]
[WhiteElo "1930"]
[BlackElo "2252"]
[EventDate "2018.07.21"]
[WhiteFideId "1414623"]
[BlackFideId "24606766"]

1.e4 c5 2.Nf3 e6 3.d4 cxd4 4.Nxd4 Bc5 5.Nb3 Bb6 6.Nc3 Ne7 7.Bg5 O-O 8.Bd3 
Nbc6 9.O-O f6 10.Bf4 Ne5 11.a4 a6 12.Qd2 d5 13.exd5 exd5 14.Rad1 Nxd3 15.
Qxd3 Bf5 16.Qd2 Qd7 17.a5 Ba7 18.Nxd5 Qxd5 19.Qxd5+ Nxd5 20.Rxd5 Bxc2 21.
Nd4 Be4 22.Rd7 Rfd8 23.Rxd8+ Rxd8 24.Ne6 Rd5 25.b4 Kf7 26.Nc7 Rd3 27.b5 
axb5 28.Nxb5 Bc5 29.h3 g5 30.Bg3 Bc6 31.Rc1 Rxg3 32.Rxc5 Rxg2+ 33.Kf1 Rh2 
34.Nd6+ Ke6 35.Nb5 Rxh3 36.Nd4+ Kd6 37.Rf5 Ke7 38.a6 Ra3 39.axb7 0-1

[Event "Xtracon Chess Open 2018"]
[Site "Elsinore"]
[Date "2018.07.28"]
[Round "9"]
[White "Justinussen, Sigurd B."]
[Black "Schmidt, Kristen"]
[Result "0-1"]
[WhiteElo "1921"]
[BlackElo "2247"]
[EventDate "2018.07.21"]
[WhiteFideId "7200773"]
[BlackFideId "1400436"]

1.d4 Nf6 2.Nf3 g6 3.Bf4 Bg7 4.c3 O-O 5.Nbd2 d6 6.e4 Nc6 7.Bb5 Nd7 8.O-O e5
9.Bg5 Qe8 10.Qa4 Nb6 11.Qc2 exd4 12.cxd4 Nb4 13.Qb3 Qxb5 14.a3 a5 15.Rac1 
c6 16.axb4 Be6 17.Qe3 Qxb4 18.Bh6 Rfe8 19.Bxg7 Kxg7 20.e5 Nd5 21.Qg5 h6 
22.Qh4 dxe5 23.Nxe5 Qxd2 0-1

[Event "Xtracon Chess Open 2018"]
[Site "Elsinore"]
[Date "2018.07.28"]
[Round "9"]
[White "Gula, Julian"]
[Black "Christensen, Thomas"]
[Result "0-1"]
[WhiteElo "1909"]
[BlackElo "2218"]
[EventDate "2018.07.21"]
[WhiteFideId "12954799"]
[BlackFideId "1407635"]

1.e4 e5 2.Nf3 d5 3.Nxe5 Bd6 4.d4 dxe4 5.Bc4 Bxe5 6.Qh5 Qe7 7.Qxe5 Qxe5 8.
dxe5 Nc6 9.Bf4 Nge7 10.e6 Bxe6 11.Bxe6 fxe6 12.Nc3 Nd5 13.Bd2 e3 14.fxe3 
O-O-O 15.O-O-O e5 16.Nxd5 Rxd5 17.Bc3 Rxd1+ 18.Kxd1 Kd7 19.Rf1 Ke6 20.Ke2 
Rd8 21.Rf3 Ne7 22.Rg3 Nf5 23.Rf3 Rd7 24.Rf1 g6 25.b3 Rd8 26.e4 Nd6 27.Ke3 
c5 28.Bb2 b5 29.Rf2 c4 30.c3 a5 31.Ba3 b4 32.cxb4 cxb3 33.axb3 axb4 34.
Bxb4 Rb8 35.Bxd6 Rxb3+ 36.Ke2 Rb2+ 37.Ke3 Rxf2 38.Kxf2 Kxd6 39.Ke3 Kc5 40.
Kd3 Kb4 41.h4 h6 42.Ke3 Kc3 43.Kf3 Kd3 44.Kg4 Kxe4 45.g3 Kd3 46.h5 gxh5+ 
47.Kxh5 e4 48.Kxh6 e3 49.g4 e2 50.g5 e1=Q 51.g6 Qh4+ 52.Kg7 Ke4 53.Kg8 Kf5
54.g7 Kg6 0-1

[Event "Xtracon Chess Open 2018"]
[Site "Elsinore"]
[Date "2018.07.28"]
[Round "9"]
[White "Thannheiser, Thomas"]
[Black "Henningsen, Lasse"]
[Result "1-0"]
[WhiteElo "2201"]
[BlackElo "1930"]
[EventDate "2018.07.21"]
[WhiteFideId "4691059"]
[BlackFideId "1425315"]

1.d4 Nf6 2.c4 g6 3.Nc3 d5 4.Nf3 Bg7 5.e3 O-O 6.Be2 c6 7.h3 h6 8.O-O Be6 9.
b3 Nbd7 10.Bb2 Ne4 11.cxd5 Nxc3 12.Bxc3 cxd5 13.Rc1 Qb6 14.Qd2 a5 15.Ne1 
f5 16.Nd3 Rfc8 17.Bxa5 Qa7 18.Rxc8+ Rxc8 19.Bb4 g5 20.Bxe7 Re8 21.Bb4 Nf6 
22.Nc5 Bc8 23.Bb5 Rf8 24.Nd3 Ne4 25.Qc2 Be6 26.Bxf8 Bxf8 27.Ne5 b6 28.a4 
g4 29.Qc6 1-0

[Event "Xtracon Chess Open 2018"]
[Site "Elsinore"]
[Date "2018.07.28"]
[Round "9"]
[White "Moe, Mogens"]
[Black "Stage-Steffensen, Sander"]
[Result "1/2-1/2"]
[WhiteElo "2199"]
[BlackElo "1928"]
[EventDate "2018.07.21"]
[WhiteFideId "1400550"]
[BlackFideId "1455796"]

1.e4 e5 2.Nf3 Nc6 3.Bc4 Bc5 4.c3 Nf6 5.d4 exd4 6.e5 d5 7.Bb5 Ne4 8.cxd4 
Bb6 9.Nc3 Bg4 10.Be3 O-O 11.Qa4 Ne7 12.Bd3 Bf5 13.Qc2 Ba5 14.O-O Nc6 15.a3
Bxc3 16.bxc3 Na5 17.Ng5 Nxg5 18.Bxf5 g6 19.Bd3 f5 20.exf6 Qxf6 21.Bxg5 
Qxg5 22.Rae1 Nc6 23.Qb3 b6 24.f4 Qd8 25.f5 Ne7 26.Qc2 Qd6 27.Re5 Nxf5 28.
Bxf5 gxf5 29.Qe2 Qd7 30.Re7 Qd6 31.Re1 Rf7 32.Rxf7 Kxf7 33.Qf3 f4 34.Re5 
Kg8 35.Rxd5 Qf8 36.Qg4+ Kh8 37.Qf5 Qe7 38.Re5 Qd6 39.Qxf4 Rf8 40.Qe4 Qxa3 
41.h3 Qxc3 42.Re7 Qc1+ 43.Kh2 Qf4+ 44.Qxf4 Rxf4 45.Rxc7 Rxd4 1/2-1/2

[Event "Xtracon Chess Open 2018"]
[Site "Elsinore"]
[Date "2018.07.28"]
[Round "9"]
[White "Gottstein, Claudius-Thomas"]
[Black "Strachan, Christian C."]
[Result "1-0"]
[WhiteElo "2190"]
[BlackElo "1927"]
[EventDate "2018.07.21"]
[WhiteFideId "4653327"]
[BlackFideId "1417215"]

1.e4 e6 2.d4 d5 3.Bd3 dxe4 4.Bxe4 Nf6 5.Bf3 c5 6.Ne2 Nc6 7.Be3 cxd4 8.Nxd4
Nxd4 9.Bxd4 Be7 10.Nc3 O-O 11.O-O Qa5 12.Qe2 Bd7 13.Bxb7 Rab8 14.Ba6 Bc6 
15.Rab1 Rb4 16.Bc4 Qc7 17.a3 Bf3 18.Qxf3 Rxc4 19.Be3 a6 20.Bd2 Rd8 21.Rfd1
Nd5 22.Nxd5 Rxd5 23.Bc3 Rf4 24.Qe2 Rxd1+ 25.Rxd1 Rc4 26.Qf3 Qc8 27.Qd3 Rc6
28.Qd7 Bf8 29.Qxc8 Rxc8 30.Kf1 g6 31.Rd3 Be7 32.Ke1 e5 33.Bxe5 1-0

[Event "Xtracon Chess Open 2018"]
[Site "Elsinore"]
[Date "2018.07.28"]
[Round "9"]
[White "Rossen, Claus"]
[Black "Glibstrup, Jakob"]
[Result "1/2-1/2"]
[WhiteElo "2168"]
[BlackElo "1920"]
[EventDate "2018.07.21"]
[WhiteFideId "1403222"]
[BlackFideId "1416146"]

1.d4 Nf6 2.c4 g6 3.Nc3 Bg7 4.e4 d6 5.Nf3 O-O 6.Be2 e5 7.O-O Nc6 8.d5 Ne7 
9.b4 Nd7 10.Be3 f5 11.Ng5 Nf6 12.f3 f4 13.Bf2 Ne8 14.c5 Rf6 15.cxd6 cxd6 
16.Rc1 Kh8 17.Qb3 Nc7 18.Nb5 Nxb5 19.Bxb5 a6 20.Be2 h6 21.Ne6 Bxe6 22.dxe6
Nc6 23.b5 axb5 24.Bxb5 Qe8 25.Qd5 Qxe6 26.Bxc6 bxc6 27.Qxe6 Rxe6 28.Rxc6 
Rxa2 29.Rb1 Ra8 30.Rc7 Bf8 31.Rd7 Ree8 32.Kf1 Red8 33.Rbb7 Ra1+ 34.Ke2 Rc8
35.Rdc7 Ra2+ 36.Kf1 Rca8 37.Ba7 Rd8 38.Bb6 Re8 39.Ba7 Kg8 40.Bf2 Ra5 41.
Be1 Rc5 42.Rxc5 dxc5 43.Rc7 Rb8 44.Bc3 Bd6 45.Rc6 Rd8 46.Ba5 Rd7 47.Bb6 
Kf7 1/2-1/2

[Event "Xtracon Chess Open 2018"]
[Site "Elsinore"]
[Date "2018.07.28"]
[Round "9"]
[White "Molvig, Henrik"]
[Black "O`Gorman, Alice"]
[Result "1/2-1/2"]
[WhiteElo "2121"]
[BlackElo "1898"]
[EventDate "2018.07.21"]
[WhiteFideId "1402625"]
[BlackFideId "2508214"]

1.d4 d5 2.c4 e6 3.Nc3 Nf6 4.Bg5 Be7 5.e3 h6 6.Bh4 O-O 7.Nf3 Nbd7 8.Rc1 a6 
9.c5 c6 10.b4 b6 11.Bd3 Bb7 12.O-O a5 13.a3 axb4 14.axb4 Re8 15.Ra1 Bf8 
16.Ne5 bxc5 17.Nxd7 Qxd7 18.bxc5 Rxa1 19.Qxa1 Ra8 20.Qb2 Be7 21.Rb1 Ba6 
22.Ra1 Bb7 23.h3 Rxa1+ 24.Qxa1 Kf8 25.Na4 Nh5 26.Nb6 Qc7 27.Bxe7+ Kxe7 28.
Qa7 Kd8 29.Kf1 Nf6 30.Ke2 Nd7 1/2-1/2

[Event "Xtracon Chess Open 2018"]
[Site "Elsinore"]
[Date "2018.07.28"]
[Round "9"]
[White "Schwerteck, Michael"]
[Black "Kittilsen, Sigurd"]
[Result "1/2-1/2"]
[WhiteElo "2115"]
[BlackElo "1893"]
[EventDate "2018.07.21"]
[WhiteFideId "4687078"]
[BlackFideId "1515624"]

1.e4 c5 2.Nf3 g6 3.d4 cxd4 4.Nxd4 Nc6 5.c4 Nf6 6.Nc3 d6 7.f3 Nxd4 8.Qxd4 
Bg7 9.Be3 O-O 10.Qd2 Qa5 11.Rc1 Be6 12.Bd3 Rfc8 13.b3 a6 14.Ne2 Qxd2+ 15.
Kxd2 Nd7 16.Nd4 Nc5 17.Nxe6 Nxe6 18.Rhd1 Bb2 19.Rc2 1/2-1/2

[Event "Xtracon Chess Open 2018"]
[Site "Elsinore"]
[Date "2018.07.28"]
[Round "9"]
[White "Unneland, Mathias"]
[Black "Johansen, Oivind"]
[Result "1/2-1/2"]
[WhiteElo "1896"]
[BlackElo "2105"]
[EventDate "2018.07.21"]
[WhiteFideId "1525581"]
[BlackFideId "1501119"]

1.d4 Nf6 2.c4 c5 3.d5 b5 4.cxb5 a6 5.b6 d6 6.Nc3 Qxb6 7.e4 g6 8.Nf3 Bg7 9.
h3 O-O 10.Be2 e6 11.Nd2 exd5 12.exd5 Nbd7 13.Nc4 Qc7 14.Bf4 Ne8 15.a4 Nb6 
16.Ne3 a5 17.Nb5 Qe7 18.Qb3 Qf6 19.Nc4 Nxc4 20.Qxc4 Qxb2 21.O-O Ba6 22.
Rab1 Qf6 23.Rb3 Nc7 24.Bd2 Nxb5 25.axb5 Bb7 26.Be3 Rfb8 27.Rfb1 Qf5 28.Rd1
h5 29.Ra3 Bc8 30.Qa2 Qd7 31.Rxa5 Bb7 32.Bf4 Qc7 33.Ra4 Rxa4 34.Qxa4 Bf6 
1/2-1/2

[Event "Xtracon Chess Open 2018"]
[Site "Elsinore"]
[Date "2018.07.28"]
[Round "9"]
[White "Jensen, Tobias Ilsoe"]
[Black "Rasmussen, Jonas H"]
[Result "1/2-1/2"]
[WhiteElo "2102"]
[BlackElo "1892"]
[EventDate "2018.07.21"]
[WhiteFideId "1437127"]
[BlackFideId "1511637"]

1.d4 d5 2.c4 c6 3.Nc3 Nf6 4.cxd5 cxd5 5.Bf4 a6 6.e3 Nc6 7.Bd3 Bg4 8.Nge2 
e6 9.Rc1 Bd6 10.f3 Bh5 11.O-O Bg6 12.Bxd6 Qxd6 13.Nf4 Bxd3 14.Nxd3 Nd7 15.
f4 O-O 16.Rf3 Ne7 17.Rh3 f5 18.g4 fxg4 19.Qxg4 Rf6 20.Ne5 Qc7 21.Qh5 h6 
22.Kh1 Nxe5 23.fxe5 Rg6 24.Ne2 Rf8 25.Rf3 Rxf3 26.Qxf3 Qd7 27.Nf4 Rg5 28.
h4 Rf5 29.Rg1 Rf7 30.Qg4 Nf5 31.Qg6 Qe7 32.Rc1 Qxh4+ 33.Kg1 Nxe3 34.Rc8+ 
Rf8 35.Qxe6+ Kh7 36.Qg6+ Kg8 37.Qe6+ Kh7 38.Rxf8 Qe1+ 39.Kh2 Qf2+ 40.Kh1 
Qf3+ 41.Kg1 Qf1+ 1/2-1/2

[Event "Xtracon Chess Open 2018"]
[Site "Elsinore"]
[Date "2018.07.28"]
[Round "9"]
[White "Christiansen, Jens Jorgen"]
[Black "Moller, Arne Vang"]
[Result "1/2-1/2"]
[WhiteElo "2086"]
[BlackElo "1890"]
[EventDate "2018.07.21"]
[WhiteFideId "1401670"]
[BlackFideId "1406175"]

1.d4 Nf6 2.c4 e6 3.Nf3 c5 4.d5 exd5 5.cxd5 d6 6.Nc3 g6 7.g3 Bg7 8.Bg2 O-O 
9.O-O Re8 10.Nd2 Nbd7 11.h3 Rb8 12.a4 a6 13.a5 b5 14.axb6 Nxb6 15.e4 Bb7 
16.Qc2 Qc7 17.Na4 Nfd7 18.Nxb6 Nxb6 19.Ra2 a5 20.Rd1 Bc8 21.Rxa5 Nxd5 22.
Nc4 Nb4 23.Qa4 Bd7 24.Qa1 Nc6 25.Ra6 Bc8 26.Ra8 Nd4 27.Rxb8 Qxb8 28.Qa4 
Rd8 29.Bg5 Bd7 30.Qa5 Re8 31.Kh2 Qb3 32.Rc1 Nf3+ 33.Bxf3 Qxf3 34.Be3 Qh5 
35.h4 Be5 36.Nxe5 Qxe5 37.Qc7 Bb5 38.Qb7 Be2 39.Qd5 Qxe4 40.Qxe4 Rxe4 
1/2-1/2

[Event "Xtracon Chess Open 2018"]
[Site "Elsinore"]
[Date "2018.07.28"]
[Round "9"]
[White "Jessen, Alexander"]
[Black "Tenold, Andreas"]
[Result "1/2-1/2"]
[WhiteElo "2071"]
[BlackElo "1865"]
[EventDate "2018.07.21"]
[WhiteFideId "1437917"]
[BlackFideId "1525840"]

1.d4 Nf6 2.c4 e6 3.Nc3 Bb4 4.e3 O-O 5.Bd3 d5 6.a3 Bxc3+ 7.bxc3 b6 8.Ne2 
Bb7 9.O-O Nbd7 10.f3 c5 11.cxd5 exd5 12.Ng3 Qc7 13.Bd2 Rfe8 14.Qc2 g6 15.
Rfe1 c4 16.Bf1 h5 17.Nh1 Re7 18.Nf2 Rae8 19.Re2 h4 20.Rae1 Qc6 21.e4 dxe4 
22.fxe4 Nxe4 23.Rxe4 Rxe4 24.Rxe4 Rxe4 25.Qxe4 Qxe4 26.Nxe4 Bxe4 27.Bxc4 
h3 28.gxh3 Nf6 29.Bb5 Bf5 30.Kg2 Ne4 31.Be1 Nd6 32.Be2 Be6 33.Bg3 Bc4 34.
Bxc4 Nxc4 35.Bb8 Nxa3 36.Bxa7 Nb5 37.Bxb6 Nxc3 38.Kf3 f6 39.Ba5 Nb5 40.Ke4
Kf7 41.Kd5 Ke7 42.Kc5 Nd6 43.Bb4 Kd7 44.Kd5 Nf5 45.Ke4 Nd6+ 46.Kf4 Ke6 47.
Bc5 Kd5 48.h4 Ne4 49.h5 gxh5 50.Bb6 Nd6 51.h4 Ke6 52.Bd8 Ne8 53.Ba5 Nd6 
54.Bc3 Ne8 55.Bb2 Nc7 56.Ke4 Nd5 57.Bc1 Nc3+ 58.Kd3 Nd5 59.Bh6 Ne7 60.Be3 
Nf5 1/2-1/2

[Event "Xtracon Chess Open 2018"]
[Site "Elsinore"]
[Date "2018.07.28"]
[Round "9"]
[White "Undheim, Bjarne"]
[Black "Pallesen, Jacob"]
[Result "0-1"]
[WhiteElo "1878"]
[BlackElo "2058"]
[EventDate "2018.07.21"]
[WhiteFideId "1506862"]
[BlackFideId "1404881"]

1.e4 c5 2.Nf3 e6 3.g3 Nc6 4.Bg2 g6 5.d3 Bg7 6.Nc3 d6 7.O-O Nge7 8.h3 Rb8 
9.Ne2 O-O 10.Rb1 b5 11.Bd2 b4 12.c3 Ba6 13.Qc2 c4 14.Nc1 d5 15.exd5 Nxd5 
16.d4 Qa5 17.Re1 bxc3 18.bxc3 Rxb1 19.Qxb1 Rb8 20.Qe4 Qa3 21.Ng5 Nd8 22.
Qh4 Nxc3 23.Nxh7 Bb5 24.Re3 Qb2 25.Rxc3 Qxd2 26.Rf3 Qxc1+ 27.Kh2 Bc6 0-1

[Event "Xtracon Chess Open 2018"]
[Site "Elsinore"]
[Date "2018.07.28"]
[Round "9"]
[White "Nielsen, Klaus"]
[Black "Pedersen, Lars Wisler"]
[Result "1-0"]
[WhiteElo "2057"]
[BlackElo "1856"]
[EventDate "2018.07.21"]
[WhiteFideId "1410210"]
[BlackFideId "1417045"]

1.d4 f5 2.e4 fxe4 3.Nc3 Nf6 4.Bg5 e6 5.Nxe4 Be7 6.Bxf6 Bxf6 7.Nf3 O-O 8.
Bd3 d5 9.Ng3 Nc6 10.Qd2 Qe7 11.O-O h6 12.c3 e5 13.dxe5 Nxe5 14.Nxe5 Bxe5 
15.Rae1 Qd6 16.Bc2 Bd7 17.Qd3 c6 18.Qh7+ Kf7 19.f4 Qc5+ 20.Kh1 Rae8 21.
Bg6+ Ke7 22.Rxe5+ Kd8 23.Bxe8 Rxe8 24.Rxe8+ Bxe8 25.Qxg7 Qb5 26.Re1 Qxb2 
27.Qe7+ Kc8 28.Qxe8+ Kc7 29.Qe5+ Kc8 30.Qd6 b6 31.Qxc6+ 1-0

[Event "Xtracon Chess Open 2018"]
[Site "Elsinore"]
[Date "2018.07.28"]
[Round "9"]
[White "Stray, Gunnar"]
[Black "Sjol, Henrik"]
[Result "1-0"]
[WhiteElo "2048"]
[BlackElo "1841"]
[EventDate "2018.07.21"]
[WhiteFideId "1501631"]
[BlackFideId "1505629"]

1.Nf3 d5 2.g3 c5 3.Bg2 Nc6 4.c4 Nf6 5.cxd5 Nxd5 6.Nc3 Nc7 7.O-O g6 8.d3 
Bg7 9.Qa4 Bd7 10.Qc2 O-O 11.Ne4 b6 12.Bd2 Rc8 13.Qc1 Ne6 14.Bc3 Ncd4 15.
Qd1 Bc6 16.Ned2 Qc7 17.Ne1 Bxg2 18.Nxg2 Rfd8 19.Rc1 Qb7 20.e3 Nf5 21.g4 
Nd6 22.Ne1 Nb5 23.Bxg7 Kxg7 24.f4 Nd6 25.Qe2 Kh8 26.Qf2 Qd5 27.b3 Ng7 28.
Ndf3 f6 29.e4 Qb7 30.Rc2 Nb5 31.f5 g5 32.h4 Nd4 33.Rd2 h6 34.Qg3 Kg8 35.e5
Kf7 36.hxg5 hxg5 37.e6+ Ngxe6 38.fxe6+ Nxe6 39.Ne5+ Ke8 40.Qf3 Qxf3 41.
N5xf3 Nf4 42.Kf2 Rd6 43.Rh1 Kd7 44.Rh7 Rd8 45.d4 Ke6 46.Nc2 R6d7 47.Rd1 a6
48.Re1+ Kd5 49.Rexe7 Rxe7 50.Rxe7 Nd3+ 51.Kg3 Nc1 52.Ne3+ Kd6 53.Nf5+ Kd5 
54.dxc5 bxc5 55.Re1 Nd3 56.Rd1 Kc6 57.Ne1 Re8 58.Nxd3 1-0

[Event "Xtracon Chess Open 2018"]
[Site "Elsinore"]
[Date "2018.07.28"]
[Round "9"]
[White "Hansen, Verner"]
[Black "Skaarup, Kasper"]
[Result "0-1"]
[WhiteElo "1876"]
[BlackElo "2037"]
[EventDate "2018.07.21"]
[WhiteFideId "1425285"]
[BlackFideId "1446045"]

1.e4 e6 2.d4 d5 3.Nd2 Nf6 4.e5 Nfd7 5.f4 c5 6.c3 Nc6 7.Ndf3 cxd4 8.cxd4 
Be7 9.Bd3 f5 10.Ne2 O-O 11.O-O a6 12.Bd2 b5 13.Rc1 Qb6 14.Kh1 Bb7 15.Bb1 
Rac8 16.Be1 a5 17.Bh4 Bxh4 18.Nxh4 Ba6 19.Nf3 a4 20.Rf2 Na5 21.b3 axb3 22.
axb3 b4 23.Bd3 Rxc1 24.Nxc1 Rc8 25.Rc2 Rxc2 26.Qxc2 Bxd3 27.Nxd3 h6 28.Nc5
Qc6 29.Ne1 Nxc5 30.dxc5 Kf7 31.Nd3 Qb5 32.h3 Ke7 33.g4 g6 34.Kg2 Kd7 35.
Kg3 Kc6 36.gxf5 gxf5 37.Kh4 Nb7 38.Kh5 Nxc5 39.Nf2 Kd7 40.Kxh6 Ke7 41.h4 
Nd7 42.Nh3 Qb8 43.Ng5 Qh8+ 44.Nh7 Kf7 45.Qg2 Nf8 46.Qg6+ Nxg6 47.h5 Qg7+ 
0-1

[Event "Xtracon Chess Open 2018"]
[Site "Elsinore"]
[Date "2018.07.28"]
[Round "9"]
[White "Arndt, Uwe"]
[Black "Svendsen, Mads O."]
[Result "1-0"]
[WhiteElo "1873"]
[BlackElo "2030"]
[EventDate "2018.07.21"]
[WhiteFideId "24647713"]
[BlackFideId "1411780"]

1.d4 Nf6 2.c4 e6 3.Nf3 d5 4.Nc3 c6 5.Bg5 Be7 6.e3 Nbd7 7.Qc2 O-O 8.Bd3 
dxc4 9.Bxc4 b5 10.Bd3 h6 11.Bh4 Bb7 12.O-O a6 13.Rfd1 Nd5 14.Bxe7 Qxe7 15.
Nxd5 cxd5 16.Qc7 Rfc8 17.Qxb7 Rab8 18.Qxa6 Ra8 19.Qxb5 Rcb8 20.Bh7+ Kxh7 
21.Qd3+ g6 22.b3 Nf6 23.Ne5 Rb6 24.f3 Rba6 25.a4 Rb6 26.Rdc1 Qb7 27.Rc3 
Rb8 28.Rb1 Ne8 29.Qc2 Ra8 30.Nd3 Nd6 31.Rc7 Qb8 32.Ne5 Qg8 33.Nd7 1-0

[Event "Xtracon Chess Open 2018"]
[Site "Elsinore"]
[Date "2018.07.28"]
[Round "9"]
[White "Andersson, Lars"]
[Black "Aase, Olav Idar"]
[Result "1/2-1/2"]
[WhiteElo "2022"]
[BlackElo "1832"]
[EventDate "2018.07.21"]
[WhiteFideId "1706772"]
[BlackFideId "1502646"]

1.d4 Nf6 2.Bf4 d5 3.e3 c5 4.c3 Nc6 5.Nf3 Qb6 6.Qb3 c4 7.Qc2 Bf5 8.Qc1 h6 
9.h3 e6 10.Be2 Rc8 11.Nbd2 Qd8 12.Ne5 Nxe5 13.dxe5 Nd7 14.g4 Bg6 15.O-O 
Qc7 16.Nf3 Be7 17.Bg3 O-O 18.Nd4 Nc5 19.f4 Be4 20.h4 a6 21.Qd2 Qd8 22.g5 
hxg5 23.hxg5 g6 24.Nf3 b5 25.Nh2 Bf5 26.Ng4 Bxg4 27.Bxg4 Ne4 28.Qh2 Bxg5 
29.fxg5 Qxg5 30.Rf4 Qxe5 31.Raf1 Nxg3 32.Qxg3 b4 33.Qh3 Qg5 34.Rf6 bxc3 
35.bxc3 Rc7 36.Kh1 Kg7 37.Bxe6 Re7 38.Rxf7+ Rexf7 39.Rxf7+ Rxf7 40.Bxf7 
Kxf7 41.Qd7+ Kf6 42.Qd8+ Kf5 43.Qxd5+ Kg4 44.Qxc4+ Kg3 45.Qc7+ Kf2 46.Qf7+
Kxe3 47.Qa7+ Kf3 48.Qb7+ Kg4 49.Qxa6 Qc1+ 1/2-1/2

[Event "Xtracon Chess Open 2018"]
[Site "Elsinore"]
[Date "2018.07.28"]
[Round "9"]
[White "Oland, Arne"]
[Black "Roder, Peter Ulrik"]
[Result "0-1"]
[WhiteElo "1875"]
[BlackElo "2021"]
[EventDate "2018.07.21"]
[WhiteFideId "1422081"]
[BlackFideId "1402471"]

1.d4 Nf6 2.Nf3 c5 3.d5 b5 4.Bf4 d6 5.h3 Bb7 6.c4 g6 7.e3 Bg7 8.Nc3 b4 9.
Na4 O-O 10.Bd3 Nbd7 11.O-O Nh5 12.Bh2 Nb6 13.g4 Nf6 14.Nxb6 Qxb6 15.Rc1 a5
16.e4 Nd7 17.Qe2 a4 18.Bb1 a3 19.b3 Rae8 20.Rcd1 e6 21.dxe6 Rxe6 22.Ng5 
Rf6 23.f4 Qc6 24.Qg2 Re8 25.Rde1 h6 26.Nf3 Rfe6 27.Re2 Rxe4 28.Rxe4 Rxe4 
29.Bxe4 Qxe4 30.Qd2 Bd4+ 31.Kg2 Nf6 32.Bg1 Bc3 33.Qe3 Qc6 34.Qd3 Ne4 35.
Be3 Qe8 36.Kh2 Kh7 37.f5 gxf5 38.gxf5 f6 39.Bf4 Qd7 40.Nh4 Qc6 41.Qe2 Qe8 
42.Rg1 Be5 43.Ng6 Bxf4+ 44.Nxf4 Qe5 45.Qg4 Ng5 46.h4 Qb2+ 47.Ng2 Qe5+ 48.
Kh1 Bf3 0-1

[Event "Xtracon Chess Open 2018"]
[Site "Elsinore"]
[Date "2018.07.28"]
[Round "9"]
[White "Hakansson, Stefan"]
[Black "Satre, Roger"]
[Result "1-0"]
[WhiteElo "2019"]
[BlackElo "1834"]
[EventDate "2018.07.21"]
[WhiteFideId "1708198"]
[BlackFideId "1510320"]

1.d4 e6 2.Nf3 Nf6 3.Bf4 d5 4.e3 c5 5.c3 Nc6 6.Nbd2 Bd6 7.Bg3 O-O 8.Bd3 h6 
9.Ne5 Qc7 10.f4 Ne7 11.Bh4 Nh7 12.g4 f5 13.Rg1 Bxe5 14.fxe5 Ng6 15.Bf2 Qf7
16.gxf5 exf5 17.Qh5 Nxe5 18.Qxf7+ Nxf7 19.dxc5 Nhg5 20.Bf1 Ne5 21.O-O-O 
Ng4 22.Bg3 Nxe3 23.Re1 Nxf1 24.Rgxf1 Ne4 25.Be5 Nxc5 26.Kc2 Ne4 27.Nf3 b6 
28.Nd4 Bd7 29.Nf3 Rae8 30.Bd4 Bc8 31.Rg1 Kh7 32.Rxg7+ Kh8 33.Rxa7+ Nf6 34.
Bxf6+ Rxf6 1-0

[Event "Xtracon Chess Open 2018"]
[Site "Elsinore"]
[Date "2018.07.28"]
[Round "9"]
[White "Larsen, Ulrik"]
[Black "Koellner, Felicitas Ophelia"]
[Result "1-0"]
[WhiteElo "2011"]
[BlackElo "1815"]
[EventDate "2018.07.21"]
[WhiteFideId "1441167"]
[BlackFideId "16207521"]

1.e4 d6 2.d4 Nf6 3.Nc3 e5 4.Nf3 Nbd7 5.Bc4 Be7 6.O-O O-O 7.Re1 c6 8.a4 a5 
9.h3 Qc7 10.Ba2 h6 11.Be3 Re8 12.Qd3 Rf8 13.Nh4 Nb6 14.Ng6 Rd8 15.dxe5 
dxe5 16.Bxb6 Qxb6 17.Nxe7+ Kf8 18.Nxc8 Raxc8 19.Qc4 Rd7 20.Rad1 Rcd8 21.
Rxd7 Rxd7 22.Rd1 Re7 23.Qb3 Qc5 24.Rd8+ Ne8 25.Qa3 Qxa3 26.bxa3 g6 27.Ra8 
b6 28.Rb8 Kg7 29.Rxb6 Rc7 30.Ra6 Nf6 31.Rxa5 Rb7 32.Rxe5 Rb2 33.Bb3 1-0

[Event "Xtracon Chess Open 2018"]
[Site "Elsinore"]
[Date "2018.07.28"]
[Round "9"]
[White "Stam, Bart"]
[Black "Rasmussen, Ken L."]
[Result "1/2-1/2"]
[WhiteElo "1845"]
[BlackElo "2009"]
[EventDate "2018.07.21"]
[WhiteFideId "1006240"]
[BlackFideId "1443933"]

1.e4 c5 2.Nf3 Nc6 3.Bb5 g6 4.c3 Nf6 5.Qe2 Bg7 6.O-O O-O 7.d3 a6 8.Bxc6 
bxc6 9.Be3 d6 10.h3 Rb8 11.Qc2 e5 12.Nbd2 Re8 13.Nc4 Qe7 14.Rab1 Qc7 15.b4
cxb4 16.Rxb4 Be6 17.Bb6 Qd7 18.Be3 Bxc4 19.Rxc4 1/2-1/2

[Event "Xtracon Chess Open 2018"]
[Site "Elsinore"]
[Date "2018.07.28"]
[Round "9"]
[White "Hansen, Simon L."]
[Black "Stern, Geoffrey"]
[Result "1/2-1/2"]
[WhiteElo "1816"]
[BlackElo "2008"]
[EventDate "2018.07.21"]
[WhiteFideId "1446894"]
[BlackFideId "4002679"]

1.d4 e6 2.c4 d5 3.Nc3 Nf6 4.cxd5 exd5 5.Bg5 Nbd7 6.Qc2 c6 7.e3 Be7 8.Bd3 
O-O 9.Nge2 Re8 10.O-O Nf8 11.f3 Ng6 12.e4 dxe4 13.fxe4 Be6 14.Rad1 Ng4 15.
Bc1 c5 16.Bb5 Qc7 17.g3 cxd4 18.Nxd4 Red8 19.Nxe6 Qb6+ 20.Kg2 Qxe6 21.Nd5 
Rac8 22.Qe2 N4e5 23.Ba4 Qg4 24.Qxg4 Nxg4 25.Bb3 N4e5 26.h4 h5 27.Nf4 Nxf4+
28.Bxf4 Nc6 1/2-1/2

[Event "Xtracon Chess Open 2018"]
[Site "Elsinore"]
[Date "2018.07.28"]
[Round "9"]
[White "Jensen, Michael Agermose"]
[Black "Rolstad, Morten"]
[Result "1-0"]
[WhiteElo "1999"]
[BlackElo "1805"]
[EventDate "2018.07.21"]
[WhiteFideId "1408216"]
[BlackFideId "1525026"]

1.e4 e5 2.f4 exf4 3.Nf3 g5 4.Nc3 d6 5.g3 Bh6 6.d4 Nc6 7.Bb5 Bd7 8.O-O Nf6 
9.e5 dxe5 10.dxe5 Ng4 11.h3 Ne3 12.Bxe3 fxe3 13.Nd5 Bxh3 14.Re1 O-O 15.
Rxe3 g4 16.Rd3 Kh8 17.Bxc6 bxc6 18.Nb6 Qe7 19.Nxa8 Rxa8 20.Nh4 Qxe5 21.Kh2
Qc5 22.Qe2 Rb8 23.b3 Kg8 24.Rad1 Qg5 25.Re1 Kf8 26.c4 f5 27.Rd7 Kg8 28.
Qe6+ Kh8 1-0

[Event "Xtracon Chess Open 2018"]
[Site "Elsinore"]
[Date "2018.07.28"]
[Round "9"]
[White "Schmied, Andreas"]
[Black "Ponomarev, Denis"]
[Result "1/2-1/2"]
[WhiteElo "1997"]
[BlackElo "1797"]
[EventDate "2018.07.21"]
[WhiteFideId "4625897"]
[BlackFideId "44136650"]

1.d4 Nf6 2.Nf3 g6 3.c4 Bg7 4.e3 O-O 5.Be2 d5 6.cxd5 Nxd5 7.e4 Nb6 8.a4 a5 
9.O-O Nc6 10.d5 Nb4 11.Nc3 h6 12.Ne1 f5 13.f3 e6 14.dxe6 Bxe6 15.Qxd8 
Raxd8 16.Bf4 c6 17.g3 fxe4 18.fxe4 Bh3 19.Ng2 g5 20.Be3 Nd7 21.Rxf8+ Rxf8 
22.Rf1 Be6 23.Rxf8+ Kxf8 24.Ne1 Kf7 25.Kf2 Na2 26.Nxa2 Bxa2 27.Bg4 Be6 28.
Bxe6+ Kxe6 29.b3 Nf6 30.Bb6 Nxe4+ 31.Ke3 Bc3 32.Nd3 Kd5 33.g4 Nf6 34.h3 
Nd7 35.Bd8 b5 36.axb5 cxb5 37.Nc1 a4 38.bxa4 bxa4 39.Kd3 Bg7 40.Na2 Nc5+ 
41.Kc2 Kc4 42.h4 Ne6 43.Be7 Nd4+ 44.Kb1 Nf3 45.hxg5 hxg5 46.Nc1 Bd4 47.Ka2
Be3 48.Ne2 Ne5 49.Ng3 Kd5 50.Ne2 Kc4 51.Ng3 Kd3 52.Nf5 Bc1 53.Nh6 Ke4 54.
Kb1 Bd2 55.Kc2 Be3 56.Kb2 Nc4+ 57.Kc3 Nb6 58.Bd8 Nd5+ 59.Kb2 Kf4 60.Ka3 
Nb6 61.Bxb6 Bxb6 62.Nf7 Kxg4 63.Nxg5 Kxg5 64.Kxa4 1/2-1/2